Guía práctica para elaborar trabajos de investigación documental /
Manual para hacer investigación documental. Se incluyen los siguientes temas: Investigación documental; Proceso de investigación documental; Tema de investigación; Problema de investigación; Marco de referencias; Hipótesis; Plan de trabajo; Recopilación de datos; Procesamiento de datos; Análisis crí...
Збережено в:
| Автор: | |
|---|---|
| Формат: | Книга |
| Мова: | Іспанська |
| Опубліковано: |
Villahermosa, México :
Universidad Juárez Autónoma de Tabasco,
1989
|
| Редагування: | 2a edición |
| Предмети: | |
| Теги: |
Немає тегів, Будьте першим, хто поставить тег для цього запису!
|
MARC
| LEADER | 00000nam^a2200000^a^4500 | ||
|---|---|---|---|
| 001 | 000035058 | ||
| 005 | 20250521000000.0 | ||
| 009 | 20260310085301.076 | ||
| 037 | |a Acervo ITESO - Biblioteca | ||
| 041 | |a ESP | ||
| 082 | |a 001. 42 |b GAR | ||
| 100 | |a García Martínez, Rosendo C. |e (autor) | ||
| 245 | 1 | 0 | |a Guía práctica para elaborar trabajos de investigación documental / |c R. García Martínez. |
| 250 | |a 2a edición | ||
| 264 | 1 | |a Villahermosa, México : |b Universidad Juárez Autónoma de Tabasco, |c 1989 | |
| 300 | |a 113 p. | ||
| 336 | |a texto |b txt |2 rdacontenido | ||
| 337 | |a sin mediación |b n |2 rdamedio | ||
| 338 | |a volumen |b nc |2 rdasoporte | ||
| 520 | |a Manual para hacer investigación documental. Se incluyen los siguientes temas: Investigación documental; Proceso de investigación documental; Tema de investigación; Problema de investigación; Marco de referencias; Hipótesis; Plan de trabajo; Recopilación de datos; Procesamiento de datos; Análisis crítico; Análisis e interpretación de la información; Informe de investigación. | ||
| 649 | |a XX | ||
| 650 | |a Ciencias Sociales - |x Investigación - |x Metodología | ||
| 650 | |a Investigación Documental | ||
| 650 | |a Investigación - |x Metodología | ||
| 650 | |a Metodología | ||
| 910 | |a Fondo General | ||
| 920 | |a Impresos - Libros | ||
| 930 | |a Colección General | ||
| 905 | |a 101 | ||
| 901 | |a 0350580100 |b IT1 |c ACC |i 035058 |u 20250521 | ||
| 901 | |a 0350580200 |b IT1 |c ACC |i 904335 |u 20250521 | ||
| 902 | |a https://opac.biblio.iteso.mx/vufind/Record/000035058 | ||